Normal view MARC view
  • Instituto Federal de Capacitación del Magisterio (México)

Entry Nombre Corporativo

Number of records used in: 70

001 - NÚMERO DE CONTROL

  • campo de control: 28505

003 - IDENTIFICADOR DE NUMERO DE CONTROL

  • campo de control: MX-MxUPN

005 - FECHA Y HORA DE LA ÜLTIMA TRANSACCIÓN

  • campo de control: 20240528105621.0

008 - DATOS DE LONGITUD FIJA

  • campo de control de longitud fija: nabaccnnaabn|||||||||| b |nc|||||d

035 ## - NÚMERO DE CONTROL

  • Número de control: UPN11000000611

040 ## - FUENTE DE CATALOGACIÓN

  • Lenguaje de catalogación: spa
  • Agencia transcribe: MX-MxUPN
  • Agencia original de catalogación: MX-MxUPN

110 2# - ENCABEZAMIENTO - NOMBRE CORPORATIVO

  • Nombre corporativo o de jurisdicción como elemento de entrada : Instituto Federal de Capacitación del Magisterio (México)

410 2# - MENCIÓN DE REFERENCIA “VÉASE” – NOMBRE DE ENTIDAD CORPORATIVA

  • Corporate name or jurisdiction name as entry element: Instituo Fed. de Cap. del Magisterio

670 ## - FUENTE EN LA QUE SE LOCALIZARON DATOS

  • Cita de la fuente : T
  • Información localizada: Creación del Instituto Federal de Capacitación del Magisterio

670 ## - FUENTE EN LA QUE SE LOCALIZARON DATOS

  • Cita de la fuente : Alighieri, D. La divina comedia, 1921 :
  • Información localizada: portada (sello de tinta : Instituo Fed. de Cap. del Magisterio)

902 ## - CATALOGADOR

  • Catalogador: DAA/081107